| 000 | 00732nam a2200229Ia 4500 | ||
|---|---|---|---|
| 999 |
_c49860 _d49860 |
||
| 001 | 16795 | ||
| 003 | GE_BSU | ||
| 005 | 20221114163808.0 | ||
| 008 | 181216s2010||||fr |||||||||||||| ||fre|| | ||
| 020 | _a9782011557988x | ||
| 080 | _a811.133.1 B-51 | ||
| 100 |
_aBerthet, Annie. _96558 |
||
| 245 |
_aAlter Ego C1>C2.: _bMethode de Francais.5 : Cahier de perfectionnement / _cAnnie Berthet ; Cedric Louvel. |
||
| 264 |
_aParis : _bHachette, _c2010. |
||
| 300 |
_a127 p.: _bill .; _c 28cm. |
||
| 653 | _aAlter Ego. Methode de Francais 5 | ||
| 653 | _aCahier de perfectionnement | ||
| 653 | _aგრამატიკა | ||
| 653 | _aფრანგული ენა | ||
| 700 |
_aCedric, Louvel _96566 |
||
| 942 |
_cBK _2udc |
||